| 000 | 01564cad a22002535a 4500 | ||
|---|---|---|---|
| 001 | L146809 | ||
| 008 | 090302s2009 xxkd f s f000 0 eng d | ||
| 020 | _a9781409811794 | ||
| 035 | _a(Sirsi) u146809 | ||
| 041 | 0 | _aeng | |
| 050 | 0 | 4 | _a306.1 $2 18 |
| 110 | 1 |
_aUnited Kingdom _bDepartment for Communities and Local Government _94939 |
|
| 245 | 0 | 0 |
_aConsultation before disposal to private sector landlord _bstatutory guidance : a consultation paper _h[electronic resource] |
| 260 |
_aLondon _bDCLG _c2009 |
||
| 505 | 2 | _aIntroduction -- Background -- Annex A1: Draft statutory guidance -- Annex 1: Stage 1 notice -- Annex B: Schedule 3A of the Housing Act 1985 | |
| 520 | _aAnnounces the launch of a consultation on draft Statutory Guidance to English local housing authorities on meeting the requirements regarding consulting with tenants prior to seeking consent to dispose of tenants' homes to a private landlord. These requirements are imposed on them by paragraph 3 to schedule 3A of the Housing Act 1985 - Consultation before disposal on private sector landlord (as amended by section 294 of the Housing and Regeneration Act 2008). The limit date to answer this consultation is the 21st March 2009. | ||
| 590 | _aKA NTK | ||
| 650 | 2 | 4 | _aHOUSING ACT 1985 |
| 650 | 2 | 4 | _aHOUSING AND REGENERATION ACT 2008 |
| 651 | 4 |
_aEngland _y886- |
|
| 690 | _aPROPERTY-PROPERTY ACQUISITION AND DISPOSAL | ||
| 856 | 4 | 0 |
_uhttps://www.communities.gov.uk/publications/housing/disposalprivatesector _zView the item free of charge at www.communities.gov.uk... |
| 942 | _n0 | ||
| 999 |
_c109301 _d109301 |
||